|
|
|
|
| LEADER |
00000nam a2200000Ia 4500 |
| 008 |
180828b1998 cr ||||| |||| 00| | spa d |
| 999 |
|
|
|c 2077
|d 2077
|
| 090 |
|
|
|a 13.07.01
|b 178
|
| 110 |
|
|
|a Consejo Nacional de Rectores. Oficina de Planificación de la Educación Superior
|9 44
|
| 245 |
1 |
0 |
|a Definición y análisis de la masa salarial de las instituciones de educación superior universitaria estatal. 1990-1997 /
|c Consejo Nacional de Rectores
|
| 260 |
|
|
|a San José, Costa Rica :
|b CONARE,
|c 1998
|
| 300 |
|
|
|a 154 páginas
|
| 650 |
1 |
4 |
|a SALARIOS
|9 2846
|
| 650 |
1 |
4 |
|a INSTITUCIONES DE ENSEÑANZA SUPERIOR
|9 788
|
| 650 |
1 |
4 |
|a ANÁLISIS
|9 3926
|
| 942 |
|
|
|i 00111
|h 13.07.01 178
|2 z
|c 01
|